000 00608nam a2200229Ia 4500
003 OSt
005 20220925215339.0
006 a|||||r|||| 00| 0
007 ta
008 220923b |||||||| |||| 00| 0 eng d
037 _cGeneral Book
040 _aRTL
_cRTL
_beng
041 _2eng
_aeng
082 _aX.56124t4.N59, J9
110 _aLONDON
_9282628
245 0 _aEconomic survey 1959
260 _aLondon
_bHer Majesty' Stationery Office
_c1959
300 _a62p
_ccm.
700 _aLONDON
_9148933
942 _hX.56124t4.N59, J9
_cGB
_2CC
999 _c568571
_d568571